[Event "World Corporate West A"]
[Site "Chess.com INT"]
[Date "2021.02.20"]
[Round "3.3"]
[White "Barrios Zamora, Carlos"]
[Black "Sai, Krishna GV"]
[Result "0-1"]
[WhiteElo "2039"]
[BlackElo "2405"]
[WhiteFideId "-1"]
[WhiteFideId "-1"]
[PlyCount "98"]
[GameId "1618787702022144"]
[EventDate "2021.02.20"]
[EventType "team (rapid)"]
[EventRounds "7"]
[EventCountry "USA"]
[SourceTitle "CBM 200 Extra"]
[Source "ChessBase"]
[SourceDate "2021.03.31"]
[SourceVersion "1"]
[SourceVersionDate "2021.03.31"]
[SourceQuality "1"]
[WhiteTeam "Grupo Munoz"]
[BlackTeam "Telus"]
[WhiteTeamCountry "CRI"]
[BlackTeamCountry "CAN"]

1. c4 e5 2. g3 h5 3. h4 Nc6 4. Bg2 f5 5. d3 Bc5 6. Nc3 Nf6 7. e3 O-O 8. Nge2 Ng4 9. d4 Bb4 10. a3 Bxc3+ 11. bxc3 e4 12. Nf4 Qe8 13. Qe2 Na5 14. a4 Qf7 15. Ba3 Re8 16. d5 b6 17. Bb4 Nb7 18. a5 bxa5 19. Bxa5 d6 20. O-O g6 21. Rfb1 Ne5 22. Bb4 a5 23. f3 exf3 24. Bxf3 Nxf3+ 25. Qxf3 Re4 26. Qe2 Qe8 27. Kf2 a4 28. Ra3 Na5 29. Bxa5 Rxa5 30. Rb4 Ba6 31. Qd3 Kh7 32. Ne6 c5 33. Nc7 Qd7 34. Nxa6 cxb4 35. Nxb4 Rc5 36. Nc6 Rexc4 37. Nd4 Qb7 38. Qc2 Qxd5 39. Rxa4 Rxc3 40. Ra7+ Kh6 41. Qd2 Qe4 42. Ra6 Rd3 43. Qe2 Rxd4 44. exd4 Rc2 45. Qxc2 Qxc2+ 46. Ke3 Qc3+ 47. Kf2 Qd2+ 48. Kg1 Qe1+ 49. Kg2 Qe2+ 0-1

[Event "World Corporate West A"]
[Site "Chess.com INT"]
[Date "2021.02.21"]
[Round "4.1"]
[White "Sai, Krishna GV"]
[Black "Rambaldi, Francesco"]
[Result "0-1"]
[WhiteElo "2405"]
[BlackElo "2569"]
[WhiteFideId "-1"]
[WhiteFideId "-1"]
[PlyCount "84"]
[GameId "1618787702583296"]
[EventDate "2021.02.20"]
[EventType "team (rapid)"]
[EventRounds "7"]
[EventCountry "USA"]
[SourceTitle "CBM 200 Extra"]
[Source "ChessBase"]
[SourceDate "2021.03.31"]
[SourceVersion "1"]
[SourceVersionDate "2021.03.31"]
[SourceQuality "1"]
[WhiteTeam "Telus"]
[BlackTeam "Microsoft Redmond"]
[WhiteTeamCountry "CAN"]
[BlackTeamCountry "USA"]

1. e4 c6 2. d4 d5 3. Nc3 dxe4 4. Nxe4 Nf6 5. Ng3 h5 6. h4 c5 7. Nf3 Bg4 8. Bb5+ Nc6 9. O-O cxd4 10. Qxd4 Bxf3 11. Qxd8+ Rxd8 12. gxf3 Rc8 13. Bg5 a6 14. Ba4 e6 15. Bxf6 gxf6 16. c3 f5 17. Kh2 Be7 18. Kh3 b5 19. Bd1 Ne5 20. a4 b4 21. cxb4 Bxb4 22. Be2 a5 23. Rac1 Ke7 24. f4 Ng6 25. Rxc8 Nxf4+ 26. Kh2 Rxc8 27. Bxh5 Rh8 28. Bf3 Rxh4+ 29. Kg1 Nd3 30. b3 Nc5 31. Bd1 Rd4 32. Ne2 Rd2 33. Kg2 Nd3 34. Ng1 Nf4+ 35. Kg3 Bd6 36. Kh4 Kf6 37. Nh3 Ng6+ 38. Kh5 Rd4 39. f4 Bxf4 40. Nxf4 Nxf4+ 41. Kh6 Rd8 42. Kh7 Ng6 0-1

[Event "World Corporate West A"]
[Site "Chess.com INT"]
[Date "2021.02.21"]
[Round "5.4"]
[White "Sai, Krishna GV"]
[Black "Riverol, Jose"]
[Result "1-0"]
[WhiteElo "2405"]
[BlackElo "2304"]
[WhiteFideId "-1"]
[WhiteFideId "-1"]
[PlyCount "51"]
[GameId "1618787703627776"]
[EventDate "2021.02.20"]
[EventType "team (rapid)"]
[EventRounds "7"]
[EventCountry "USA"]
[SourceTitle "CBM 200 Extra"]
[Source "ChessBase"]
[SourceDate "2021.03.31"]
[SourceVersion "1"]
[SourceVersionDate "2021.03.31"]
[SourceQuality "1"]
[WhiteTeam "Telus"]
[BlackTeam "ANCAP"]
[WhiteTeamCountry "CAN"]
[BlackTeamCountry "URU"]

1. e4 c5 2. Nf3 Nc6 3. Nc3 g6 4. h4 Nf6 5. h5 Nxh5 6. Rxh5 gxh5 7. Ng5 Bh6 8. d4 Bxg5 9. Bxg5 Nxd4 10. Nd5 Nc6 11. Qxh5 d6 12. O-O-O Be6 13. Nxe7 Nxe7 14. Bb5+ Bd7 15. Rxd6 Bxb5 16. Rxd8+ Rxd8 17. Bf6 Ng6 18. Qxc5 Be2 19. Bxd8 Kxd8 20. Qxa7 Ba6 21. f4 Kc7 22. Qc5+ Kd7 23. Qd5+ Kc7 24. Qc5+ Kd7 25. f5 Ne7 26. Qd4+ 1-0

[Event "World Corporate West A"]
[Site "Chess.com INT"]
[Date "2021.02.21"]
[Round "6.3"]
[White "Demchenko, Svitlana"]
[Black "Sai, Krishna GV"]
[Result "1-0"]
[WhiteElo "2071"]
[BlackElo "2405"]
[WhiteFideId "-1"]
[WhiteFideId "-1"]
[PlyCount "83"]
[GameId "1618787704274944"]
[EventDate "2021.02.20"]
[EventType "team (rapid)"]
[EventRounds "7"]
[EventCountry "USA"]
[SourceTitle "CBM 200 Extra"]
[Source "ChessBase"]
[SourceDate "2021.03.31"]
[SourceVersion "1"]
[SourceVersionDate "2021.03.31"]
[SourceQuality "1"]
[WhiteTeam "Deloitte Chicago"]
[BlackTeam "Telus"]
[WhiteTeamCountry "USA"]
[BlackTeamCountry "CAN"]

1. e4 e5 2. Nf3 Nc6 3. Bc4 Nf6 4. d3 h6 5. O-O d6 6. c3 g6 7. d4 Qe7 8. Nbd2 Bg7 9. Re1 O-O 10. h3 Na5 11. Bd3 c5 12. d5 b6 13. b4 Nb7 14. a3 Nh5 15. Nf1 Nf4 16. Bxf4 exf4 17. Qc2 Bd7 18. Ba6 Rab8 19. Rab1 Rfc8 20. Bxb7 Rxb7 21. b5 c4 22. Nd4 Bxd4 23. cxd4 c3 24. Nh2 Rc4 25. Rb3 Rxd4 26. Nf3 Rc4 27. Rxc3 Rxc3 28. Qxc3 Bxb5 29. e5 Rc7 30. Qb4 Rc5 31. Qxf4 Rxd5 32. exd6 Qxd6 33. Ne5 Qe6 34. Re3 g5 35. Qg3 Qd6 36. h4 f6 37. hxg5 hxg5 38. Ng4 Kf7 39. Rf3 Rd1+ 40. Kh2 Qxg3+ 41. Kxg3 Rd3 42. Ne5+ 1-0

[Event "Titled Tuesday 2021.01.26"]
[Site "Chess.com INT"]
[Date "2021.01.26"]
[Round "1"]
[White "Sai, Krishna GV"]
[Black "Duarte, Leonardo"]
[Result "1-0"]
[WhiteElo "2405"]
[BlackElo "2330"]
[WhiteFideId "-1"]
[WhiteFideId "-1"]
[PlyCount "117"]
[GameId "1611127017631744"]
[EventDate "2021.01.26"]
[EventType "swiss (blitz)"]
[EventRounds "11"]
[EventCountry "NET"]
[SourceTitle "CBM 200 Extra"]
[Source "ChessBase"]
[SourceDate "2021.03.31"]
[SourceVersion "1"]
[SourceVersionDate "2021.03.31"]
[SourceQuality "1"]

1. e4 c5 2. Nf3 Nc6 3. Nc3 g6 4. Bb5 Bg7 5. O-O d6 6. Re1 Bd7 7. Bxc6 Bxc6 8. e5 Bxf3 9. Qxf3 Bxe5 10. Qxb7 Qc8 11. Qf3 Nf6 12. d3 O-O 13. h3 Rb8 14. a4 Re8 15. Ra2 a6 16. Nd1 Qb7 17. Qxb7 Rxb7 18. b3 Nd5 19. Bb2 Nb4 20. Bxe5 Nxa2 21. Bxd6 Nb4 22. Bxc5 Nxc2 23. Re2 Nb4 24. Nb2 Nd5 25. b4 Nxb4 26. d4 Nd5 27. Nc4 Rc8 28. g3 Rb1+ 29. Kg2 Rc1 30. Ne5 f6 31. Nd3 Rc3 32. Ne1 Kf7 33. Nf3 Rc4 34. a5 Ra4 35. h4 Rxa5 36. h5 Raxc5 37. dxc5 Rxc5 38. hxg6+ hxg6 39. Nd4 e5 40. Nb3 Rb5 41. Nc1 a5 42. Ra2 Nc3 43. Ra3 Ne4 44. Nb3 a4 45. Rxa4 Nxf2 46. Nd2 Nd3 47. Ne4 Rb2+ 48. Kf3 f5 49. Ra7+ Ke6 50. Ra6+ Kd5 51. Rd6+ Kc4 52. Ng5 e4+ 53. Ke3 Nc5 54. Rxg6 Rb3+ 55. Kf4 Rf3+ 56. Nxf3 exf3 57. Kxf3 Ne4 58. Kf4 Nxg3 59. Rxg3 1-0

[Event "Titled Tuesday 2021.01.26"]
[Site "Chess.com INT"]
[Date "2021.01.26"]
[Round "2"]
[White "Kornyukov, Alexey"]
[Black "Sai, Krishna GV"]
[Result "0-1"]
[WhiteElo "2452"]
[BlackElo "2405"]
[WhiteFideId "-1"]
[WhiteFideId "-1"]
[PlyCount "82"]
[GameId "1611127018307584"]
[EventDate "2021.01.26"]
[EventType "swiss (blitz)"]
[EventRounds "11"]
[EventCountry "NET"]
[SourceTitle "CBM 200 Extra"]
[Source "ChessBase"]
[SourceDate "2021.03.31"]
[SourceVersion "1"]
[SourceVersionDate "2021.03.31"]
[SourceQuality "1"]

1. d4 Nf6 2. c4 g6 3. f3 c5 4. d5 d6 5. e4 Bg7 6. Nc3 e5 7. Bg5 h6 8. Be3 Nh5 9. Qd2 f5 10. exf5 gxf5 11. O-O-O Nd7 12. g4 fxg4 13. fxg4 Nf4 14. Nge2 Ng6 15. Ng3 Nf6 16. Bd3 Nh4 17. Nf5 Bxf5 18. Bxf5 Nxf5 19. gxf5 Qd7 20. Rhg1 O-O-O 21. Rg6 h5 22. Rdg1 Ng4 23. Bg5 Rdg8 24. Ne4 Bf8 25. h3 Qxf5 26. Rxg8 Rxg8 27. hxg4 Qxe4 28. gxh5 Qxc4+ 29. Kb1 Qe4+ 30. Ka1 Bh6 31. a3 Qd4 32. Qc2 Qxg1+ 33. Ka2 Qxg5 34. Qh7 Qg7 35. Qf5+ Kc7 36. Qe6 Be3 37. h6 Bxh6 38. a4 Bd2 39. a5 Bxa5 40. Ka3 Qd7 41. b3 Qxe6 0-1

[Event "Titled Tuesday 2021.01.26"]
[Site "Chess.com INT"]
[Date "2021.01.26"]
[Round "4"]
[White "Sai, Krishna GV"]
[Black "Eynullayev, Atilla Elshan"]
[Result "1-0"]
[WhiteElo "2405"]
[BlackElo "2347"]
[WhiteFideId "-1"]
[WhiteFideId "-1"]
[PlyCount "105"]
[GameId "1611127020773376"]
[EventDate "2021.01.26"]
[EventType "swiss (blitz)"]
[EventRounds "11"]
[EventCountry "NET"]
[SourceTitle "CBM 200 Extra"]
[Source "ChessBase"]
[SourceDate "2021.03.31"]
[SourceVersion "1"]
[SourceVersionDate "2021.03.31"]
[SourceQuality "1"]

1. e4 c5 2. Nf3 d6 3. d4 cxd4 4. Nxd4 Nf6 5. Nc3 a6 6. Bg5 Nbd7 7. Bc4 Qb6 8. Qd2 e6 9. O-O-O Be7 10. f4 h6 11. Bh4 Nc5 12. Bxf6 Bxf6 13. Kb1 Bd7 14. Nb3 Nxb3 15. Bxb3 Be7 16. e5 O-O-O 17. exd6 Bc6 18. f5 Rxd6 19. Qe2 Rhd8 20. fxe6 fxe6 21. Bxe6+ Kb8 22. Bd5 Bf6 23. Bb3 Bxc3 24. bxc3 Qc5 25. Rxd6 Rxd6 26. Rd1 Rxd1+ 27. Qxd1 Qxc3 28. Qd6+ Ka7 29. g4 a5 30. a4 Qb4 31. Qe5 Bxa4 32. Qxg7 Bxb3 33. cxb3 Qxb3+ 34. Qb2 Qd1+ 35. Qc1 Qxg4 36. Qxh6 a4 37. h4 a3 38. Qe3+ Kb8 39. Qe5+ Ka8 40. Qa5+ Kb8 41. Qd8+ Ka7 42. Qa5+ Kb8 43. Qe5+ Kc8 44. Qc3+ Kd7 45. Qd2+ Kc6 46. Qc2+ Kb5 47. Qb3+ Kc6 48. Qc3+ Kd7 49. Qd3+ Ke7 50. Qxa3+ Kf7 51. Qb3+ Kg6 52. Qxb7 Kh5 53. Qh7# 1-0

[Event "Titled Tuesday 2021.01.26"]
[Site "Chess.com INT"]
[Date "2021.01.26"]
[Round "5"]
[White "Mkrtchian, Lilit"]
[Black "Sai, Krishna GV"]
[Result "1-0"]
[WhiteElo "2388"]
[BlackElo "2405"]
[WhiteFideId "-1"]
[WhiteFideId "-1"]
[PlyCount "71"]
[GameId "1611127021342720"]
[EventDate "2021.01.26"]
[EventType "swiss (blitz)"]
[EventRounds "11"]
[EventCountry "NET"]
[SourceTitle "CBM 200 Extra"]
[Source "ChessBase"]
[SourceDate "2021.03.31"]
[SourceVersion "1"]
[SourceVersionDate "2021.03.31"]
[SourceQuality "1"]

1. e4 e5 2. Nf3 Nc6 3. Bc4 Nf6 4. d3 h6 5. O-O d6 6. c3 g6 7. Re1 Bg7 8. d4 O-O 9. h3 exd4 10. cxd4 d5 11. exd5 Nxd5 12. Nc3 Nb6 13. Bb3 Na5 14. Bc2 Nac4 15. b3 Nd6 16. Bf4 Nf5 17. Be5 c6 18. Bxg7 Nxg7 19. Qd2 Kh7 20. Re5 Bf5 21. Rae1 Bxc2 22. Qxc2 Re8 23. h4 Rxe5 24. Rxe5 Nd7 25. Re2 Nf6 26. Ne4 Nd5 27. Qd2 Nh5 28. Nc5 Nhf4 29. Re4 Qc7 30. Ne5 Nh5 31. Qe2 f5 32. Nxg6 Kxg6 33. Re6+ Ndf6 34. Qe5 Qd7 35. g4 fxg4 36. Nxd7 1-0

[Event "Titled Tuesday 2021.01.26"]
[Site "Chess.com INT"]
[Date "2021.01.26"]
[Round "6"]
[White "Sai, Krishna GV"]
[Black "Ambartsumova, Karina"]
[Result "1-0"]
[WhiteElo "2405"]
[BlackElo "2382"]
[WhiteFideId "-1"]
[WhiteFideId "-1"]
[PlyCount "87"]
[GameId "1611127022542848"]
[EventDate "2021.01.26"]
[EventType "swiss (blitz)"]
[EventRounds "11"]
[EventCountry "NET"]
[SourceTitle "CBM 200 Extra"]
[Source "ChessBase"]
[SourceDate "2021.03.31"]
[SourceVersion "1"]
[SourceVersionDate "2021.03.31"]
[SourceQuality "1"]

1. e4 e5 2. Nf3 Nc6 3. Bb5 a6 4. Ba4 Nf6 5. O-O Be7 6. Re1 b5 7. Bb3 O-O 8. h3 Bb7 9. Nc3 d6 10. a3 Na5 11. Ba2 c5 12. d3 h6 13. Ne2 Nc6 14. Ng3 Re8 15. Nf5 Bf8 16. Nh2 Bc8 17. Ng4 Bxf5 18. exf5 Nd4 19. Ne3 d5 20. c3 Nc6 21. Ng4 c4 22. a4 Nxg4 23. Qxg4 Qf6 24. dxc4 dxc4 25. Be3 Rad8 26. Bb1 Ne7 27. axb5 axb5 28. Be4 Nd5 29. Bd2 Bc5 30. Red1 Nc7 31. h4 Qb6 32. Qg3 Rd6 33. Be1 Red8 34. Rxd6 Qxd6 35. Bf3 Ne8 36. Rd1 Qe7 37. Rxd8 Qxd8 38. Qxe5 Qc8 39. g4 Nd6 40. f6 g6 41. Bd2 Kh7 42. h5 g5 43. Bd1 Qc7 44. Bxg5 1-0

[Event "Titled Tuesday 2021.01.26"]
[Site "Chess.com INT"]
[Date "2021.01.26"]
[Round "7"]
[White "Villalba, Marcelo"]
[Black "Sai, Krishna GV"]
[Result "0-1"]
[WhiteElo "2258"]
[BlackElo "2405"]
[WhiteFideId "-1"]
[WhiteFideId "-1"]
[PlyCount "94"]
[GameId "1611127023681536"]
[EventDate "2021.01.26"]
[EventType "swiss (blitz)"]
[EventRounds "11"]
[EventCountry "NET"]
[SourceTitle "CBM 200 Extra"]
[Source "ChessBase"]
[SourceDate "2021.03.31"]
[SourceVersion "1"]
[SourceVersionDate "2021.03.31"]
[SourceQuality "1"]

1. e4 e5 2. Nf3 Nc6 3. Bb5 a6 4. Ba4 d6 5. Bxc6+ bxc6 6. d4 exd4 7. Nxd4 c5 8. Ne2 g6 9. O-O Bg7 10. Nbc3 Ne7 11. Bg5 h6 12. Bh4 g5 13. Bg3 h5 14. h4 Ng6 15. hxg5 h4 16. Bh2 h3 17. f4 hxg2 18. Rf2 Bg4 19. Qd2 Nh4 20. f5 Nf3+ 21. Rxf3 Bxf3 22. f6 Bf8 23. Qf4 Bh5 24. Ng3 Bg6 25. Nf5 Rb8 26. Re1 Qd7 27. Nd5 Rxb2 28. e5 Qxf5 29. exd6+ Kd7 30. Qa4+ c6 31. Qxa6 Rxh2 32. Qa7+ Kxd6 33. Qc7+ Kxd5 34. Rd1+ Qd3 35. Rxd3+ Bxd3 36. Qxf7+ Ke5 37. Kxh2 Bd6 38. Kxg2 Rxc2+ 39. Kg1 Rc1+ 40. Kf2 Rc2+ 41. Ke1 Re2+ 42. Kd1 Kd4 43. Qb3 c4 44. Qb6+ Bc5 45. Qd8+ Kc3 46. f7 Rd2+ 47. Kc1 Ba3# 0-1

[Event "Titled Tuesday 2021.01.26"]
[Site "Chess.com INT"]
[Date "2021.01.26"]
[Round "8"]
[White "Ozen, Deniz"]
[Black "Sai, Krishna GV"]
[Result "0-1"]
[WhiteElo "2397"]
[BlackElo "2405"]
[WhiteFideId "-1"]
[WhiteFideId "-1"]
[PlyCount "45"]
[GameId "1611127024058368"]
[EventDate "2021.01.26"]
[EventType "swiss (blitz)"]
[EventRounds "11"]
[EventCountry "NET"]
[SourceTitle "CBM 200 Extra"]
[Source "ChessBase"]
[SourceDate "2021.03.31"]
[SourceVersion "1"]
[SourceVersionDate "2021.03.31"]
[SourceQuality "1"]

1. e4 e5 2. Nf3 Nc6 3. Nc3 Nf6 4. a3 Bc5 5. Nxe5 Nxe5 6. d4 Bxd4 7. Qxd4 d6 8. f4 Nc6 9. Qf2 O-O 10. Bd3 d5 11. e5 d4 12. exf6 dxc3 13. fxg7 Re8+ 14. Kf1 Bf5 15. Qf3 Nd4 16. Qg3 Nxc2 17. Bxc2 Bxc2 18. Be3 cxb2 19. Re1 b1=Q 20. Rxb1 Bxb1 21. h4 Qd1+ 22. Kf2 Qxh1 23. Qg6 0-1

[Event "Titled Tuesday 2021.01.26"]
[Site "Chess.com INT"]
[Date "2021.01.26"]
[Round "9"]
[White "Sai, Krishna GV"]
[Black "Karthikeyan, Murali"]
[Result "1-0"]
[WhiteElo "2405"]
[BlackElo "2606"]
[WhiteFideId "-1"]
[WhiteFideId "-1"]
[PlyCount "67"]
[GameId "1611127025184768"]
[EventDate "2021.01.26"]
[EventType "swiss (blitz)"]
[EventRounds "11"]
[EventCountry "NET"]
[SourceTitle "CBM 200 Extra"]
[Source "ChessBase"]
[SourceDate "2021.03.31"]
[SourceVersion "1"]
[SourceVersionDate "2021.03.31"]
[SourceQuality "1"]

1. e4 c5 2. Nf3 d6 3. d4 cxd4 4. Nxd4 Nf6 5. Nc3 Nc6 6. Bg5 Bd7 7. Qd2 a6 8. O-O-O e6 9. f4 b5 10. Bxf6 gxf6 11. f5 h5 12. Kb1 Qb6 13. Nce2 Bh6 14. Qd3 Ne5 15. Qh3 Ke7 16. fxe6 fxe6 17. Nc3 Qb7 18. Qxh5 Bg5 19. Qe2 b4 20. Nf5+ exf5 21. Nd5+ Kf8 22. h4 Rxh4 23. Rxh4 Bxh4 24. Qh5 Bg5 25. Qh8+ Kf7 26. Qh7+ Kf8 27. Bc4 Nxc4 28. Qh8+ Kf7 29. Qh7+ Kf8 30. Qe7+ Kg8 31. Rh1 Re8 32. Nxf6+ Bxf6 33. Qxf6 Na3+ 34. Kc1 1-0

[Event "Titled Tuesday 2021.01.26"]
[Site "Chess.com INT"]
[Date "2021.01.26"]
[Round "10"]
[White "Sai, Krishna GV"]
[Black "Praggnanandhaa, Rameshbabu"]
[Result "0-1"]
[WhiteElo "2405"]
[BlackElo "2608"]
[WhiteFideId "-1"]
[WhiteFideId "-1"]
[PlyCount "110"]
[GameId "1611127026270208"]
[EventDate "2021.01.26"]
[EventType "swiss (blitz)"]
[EventRounds "11"]
[EventCountry "NET"]
[SourceTitle "CBM 200 Extra"]
[Source "ChessBase"]
[SourceDate "2021.03.31"]
[SourceVersion "1"]
[SourceVersionDate "2021.03.31"]
[SourceQuality "1"]

1. e4 Nc6 2. Nf3 d6 3. d4 Nf6 4. Nc3 g6 5. Bg5 Bg7 6. e5 Nd7 7. Bb5 O-O 8. Nd5 f6 9. exf6 exf6 10. Be3 Nb6 11. Nxb6 axb6 12. Qd2 Bg4 13. Be2 d5 14. h3 Bf5 15. h4 h5 16. c4 Ne7 17. c5 Be4 18. cxb6 cxb6 19. O-O Nf5 20. g3 Re8 21. Bf4 Ra4 22. Bb5 Bxf3 23. Bxa4 Re4 24. Rfe1 Nxd4 25. Bc2 Ne2+ 26. Kh2 Rxf4 27. Rxe2 Rxh4+ 28. gxh4 Qd6+ 29. Kg1 Qd7 30. Qf4 Bxe2 31. Bxg6 Qh3 32. Qg3 Qxg3+ 33. fxg3 f5 34. Bxf5 Bxb2 35. Rb1 Bd4+ 36. Kg2 Bc5 37. Re1 Bc4 38. Re8+ Kf7 39. Rb8 d4 40. Rxb7+ Kf6 41. Be4 Ke5 42. Kf3 d3 43. Rd7 Bd4 44. Re7+ Kd6 45. Re8 Kc5 46. Rc8+ Kb4 47. Rd8 Kc3 48. a4 d2 49. Bc2 Kxc2 50. Rxd4 Bd3 51. Kf4 d1=Q 52. Kg5 Qd2+ 53. Rf4 Qg2 54. Kxh5 Qxg3 55. Rg4 Be2 0-1

[Event "Titled Tuesday 2021.01.26"]
[Site "Chess.com INT"]
[Date "2021.01.26"]
[Round "11"]
[White "Timofeev, Artyom"]
[Black "Sai, Krishna GV"]
[Result "1-0"]
[WhiteElo "2594"]
[BlackElo "2405"]
[WhiteFideId "-1"]
[WhiteFideId "-1"]
[PlyCount "99"]
[GameId "1611127026606080"]
[EventDate "2021.01.26"]
[EventType "swiss (blitz)"]
[EventRounds "11"]
[EventCountry "NET"]
[SourceTitle "CBM 200 Extra"]
[Source "ChessBase"]
[SourceDate "2021.03.31"]
[SourceVersion "1"]
[SourceVersionDate "2021.03.31"]
[SourceQuality "1"]

1. c4 e5 2. e3 Nc6 3. Nc3 Bb4 4. Nge2 Nf6 5. a3 Bxc3 6. Nxc3 e4 7. d4 exd3 8. Bxd3 Ne5 9. Be2 O-O 10. O-O d6 11. h3 Re8 12. b3 a5 13. Bb2 Bf5 14. Qd4 Nc6 15. Qd2 Bg6 16. Rfd1 Ne4 17. Nxe4 Bxe4 18. f3 Bf5 19. e4 Bg6 20. Qc3 f6 21. c5 Qe7 22. cxd6 cxd6 23. Rd2 Red8 24. Rad1 Rac8 25. Qe3 Bf7 26. Qb6 d5 27. exd5 Rxd5 28. Rxd5 Bxd5 29. Bf1 Bf7 30. Bc1 h5 31. Bf4 g5 32. Bd6 Qd7 33. Rd2 Rd8 34. Bb4 Qc8 35. Rxd8+ Qxd8 36. Qxd8+ Nxd8 37. Bxa5 Nc6 38. Bc3 Bxb3 39. Bxf6 g4 40. hxg4 hxg4 41. fxg4 Kf7 42. g5 Bc2 43. Kf2 Ne7 44. Bxe7 Kxe7 45. Ke3 Kf7 46. Bd3 Ba4 47. Kd4 Kg7 48. Be4 b6 49. Kd5 Kf7 50. Kd6 1-0

[Event "Titled Tuesday 2021.01.19"]
[Site "Chess.com INT"]
[Date "2021.01.19"]
[Round "1"]
[White "Sai, Krishna GV"]
[Black "Isha, Sharma"]
[Result "1-0"]
[WhiteElo "2405"]
[BlackElo "2276"]
[WhiteFideId "-1"]
[WhiteFideId "-1"]
[PlyCount "49"]
[GameId "1608592119009280"]
[EventDate "2021.01.19"]
[EventType "swiss (blitz)"]
[EventRounds "11"]
[EventCountry "NET"]
[SourceTitle "CBM 200 Extra"]
[Source "ChessBase"]
[SourceDate "2021.03.31"]
[SourceVersion "1"]
[SourceVersionDate "2021.03.31"]
[SourceQuality "1"]

1. e4 e5 2. Nf3 Nc6 3. Bb5 a6 4. Ba4 d6 5. O-O Bg4 6. h3 h5 7. Bxc6+ bxc6 8. d3 Qf6 9. Nbd2 Ne7 10. Re1 Bxf3 11. Nxf3 Ng6 12. c3 Qe6 13. d4 Be7 14. Be3 Rb8 15. Qa4 Qd7 16. b4 Ra8 17. Rad1 f6 18. c4 O-O 19. d5 f5 20. Qxc6 Qc8 21. exf5 Rxf5 22. Nd2 Nf4 23. Bxf4 Rxf4 24. Ne4 Qf5 25. Qxa8+ 1-0

[Event "Titled Tuesday 2021.01.19"]
[Site "Chess.com INT"]
[Date "2021.01.19"]
[Round "2"]
[White "Fernandez Hernandez, Arturo Augusto"]
[Black "Sai, Krishna GV"]
[Result "0-1"]
[WhiteElo "2319"]
[BlackElo "2405"]
[WhiteFideId "-1"]
[WhiteFideId "-1"]
[PlyCount "154"]
[GameId "1608592120725504"]
[EventDate "2021.01.19"]
[EventType "swiss (blitz)"]
[EventRounds "11"]
[EventCountry "NET"]
[SourceTitle "CBM 200 Extra"]
[Source "ChessBase"]
[SourceDate "2021.03.31"]
[SourceVersion "1"]
[SourceVersionDate "2021.03.31"]
[SourceQuality "1"]

1. e4 e5 2. Nf3 Nc6 3. Bb5 a6 4. Ba4 d6 5. c3 f5 6. d3 Nf6 7. Nbd2 Be7 8. Qe2 O-O 9. Bb3+ Kh8 10. Ng5 Qe8 11. Ne6 Bxe6 12. Bxe6 f4 13. a3 Qg6 14. Nf3 Nxe4 15. Ba2 Nc5 16. Bc4 Qxg2 17. Rg1 Qh3 18. b4 Na4 19. Bd2 Nb6 20. Bb3 Bf6 21. O-O-O d5 22. Ng5 Qh6 23. Ne6 Rf7 24. Nc5 a5 25. b5 Nd8 26. Qg4 a4 27. Ba2 Be7 28. d4 c6 29. Kc2 exd4 30. cxd4 cxb5 31. Rb1 Nc6 32. Bc3 b4 33. axb4 Bf6 34. Rbd1 a3 35. Kb1 Nc4 36. Bxc4 dxc4 37. Ka2 Ne7 38. Qe6 Rff8 39. Qxc4 Rad8 40. Rd2 Nd5 41. Re1 Qxh2 42. Ne6 Qh3 43. Rd3 Qf5 44. Nxd8 Rxd8 45. Rf3 h5 46. Qb3 Nxc3+ 47. Qxc3 Bxd4 48. Qb3 Bb2 49. Rd1 Rxd1 50. Qxd1 Kh7 51. Qb3 h4 52. Qd3 Qxd3 53. Rxd3 g5 54. Rd7+ Kg6 55. Rxb7 h3 56. Rb6+ Kh5 57. Rb7 g4 58. Rh7+ Kg6 59. Rh4 Kg5 60. Rh7 Bd4 61. f3 g3 62. Rxh3 g2 63. Rh8 g1=Q 64. Rg8+ Kf5 65. Rxg1 Bxg1 66. Kxa3 Ke5 67. Kb3 Kd4 68. b5 Ke3 69. b6 Kxf3 70. b7 Ba7 71. Kc4 Kg2 72. Kd5 f3 73. Kc6 f2 74. Kb5 f1=Q+ 75. Kc6 Qf8 76. Kc7 Qb8+ 77. Kc6 Kf3 0-1

[Event "Titled Tuesday 2021.01.19"]
[Site "Chess.com INT"]
[Date "2021.01.19"]
[Round "3"]
[White "Sevian, Samuel"]
[Black "Sai, Krishna GV"]
[Result "1/2-1/2"]
[WhiteElo "2660"]
[BlackElo "2405"]
[WhiteFideId "-1"]
[WhiteFideId "-1"]
[PlyCount "137"]
[GameId "1608592121700352"]
[EventDate "2021.01.19"]
[EventType "swiss (blitz)"]
[EventRounds "11"]
[EventCountry "NET"]
[SourceTitle "CBM 200 Extra"]
[Source "ChessBase"]
[SourceDate "2021.03.31"]
[SourceVersion "1"]
[SourceVersionDate "2021.03.31"]
[SourceQuality "1"]

1. e4 e5 2. Nf3 Nc6 3. Bc4 Nf6 4. d3 h6 5. O-O d6 6. c3 g6 7. b4 Bg7 8. Qb3 O-O 9. Re1 Ne7 10. Nbd2 c6 11. Qc2 Qc7 12. Nf1 Bg4 13. N3d2 d5 14. Bb3 Nd7 15. Ng3 Kh7 16. h3 Be6 17. Nf3 f5 18. exd5 Bxd5 19. Nd2 Rae8 20. Bb2 Bxb3 21. axb3 a6 22. c4 f4 23. Nge4 Nf5 24. Nf3 Nf6 25. Bxe5 Rxe5 26. Nxe5 Nd4 27. Nxf6+ Bxf6 28. Qd1 Bxe5 29. Ra5 Bg7 30. Re4 f3 31. g3 Ne2+ 32. Kh2 Bd4 33. Qe1 Rf7 34. h4 h5 35. Rg5 Bf6 36. Ra5 Bc3 37. Qf1 Bxb4 38. Rae5 Bd6 39. Rg5 Rf5 40. Qh3 Rxg5 41. hxg5 Bc5 42. Qf1 Qd7 43. b4 Qxd3 44. Re8 Bxb4 45. Qa1 Bc3 46. Qa3 Qd4 47. Qe7+ Qg7 48. Qd8 Bb4 49. Re3 Nd4 50. Qc8 Nf5 51. Rxf3 Bc5 52. Rd3 Bxf2 53. Rd7 Bxg3+ 54. Kg2 Ne7 55. Kxg3 Qe5+ 56. Kg2 Qxg5+ 57. Kf1 Qf5+ 58. Kg1 Kh6 59. Qc7 Qg4+ 60. Kf1 Nf5 61. Rh7+ Kg5 62. Qd8+ Kf4 63. Rf7 Qf3+ 64. Kg1 Qg3+ 65. Kh1 Qf3+ 66. Kh2 Qg3+ 67. Kh1 Qf3+ 68. Kg1 Qg3+ 69. Kh1 1/2-1/2